[Event "LYM - Open Maîtres"]
[Site "Lausanne - Casino de Montbenon"]
[Date "2000.??.??"]
[Round "1"]
[White "Patuzzo, Fabrizio"]
[Black "Garnier, Salvi"]
[Result "1-0"]
[WhiteElo "2299"]
[BlackElo "2000"]
[PlyCount "99"]
[EventDate "2000.??.??"]

1. d4 Nf6 2. Bg5 c5 3. Bxf6 gxf6 4. d5 Qb6 5. Qc1 Bh6 6. e3 f5 7. g3 Bg7 8. c3
d6 9. Qc2 Nd7 10. Bg2 Ne5 11. b3 c4 12. bxc4 Nxc4 13. Qa4+ Bd7 14. Qxc4 Qb2 15.
Qb3 Qxa1 16. Ne2 O-O 17. O-O Ba4 18. Qxa4 Qb2 19. Nd4 Bxd4 20. exd4 b5 21. Qd1
Qxa2 22. Qh5 f6 23. Qxf5 a6 24. Re1 Ra7 25. Be4 Rf7 26. Qc8+ Kg7 27. Qb8 f5 28.
Bd3 Rd7 29. Qc8 Ra7 30. Qc6 Qa5 31. Qc8 Qc7 32. Qe6 Rf6 33. Qe3 Ra8 34. Qg5+
Kh8 35. Bxf5 Raf8 36. Bd3 R8f7 37. Re2 Qc8 38. Be4 Qf8 39. Qe3 Qc8 40. Nd2 Qc7
41. Bg2 a5 42. Ne4 Rg6 43. Ng5 Rfg7 44. Ne6 Rxe6 45. dxe6 a4 46. Qf3 Rg8 47.
Qh5 Qxc3 48. Be4 Qc1+ 49. Kg2 Rg7 50. Rc2 1-0

[Event "LYM - Open Maîtres"]
[Site "Lausanne - Casino de Montbenon"]
[Date "2000.??.??"]
[Round "1"]
[White "Kohler, Gaël"]
[Black "Berkvens, Joost"]
[Result "1-0"]
[WhiteElo "2024"]
[BlackElo "2297"]
[PlyCount "101"]
[EventDate "2000.??.??"]

1. e4 c5 2. Nf3 d6 3. d4 cxd4 4. Nxd4 Nf6 5. Nc3 Nc6 6. Bc4 Qb6 7. Nb3 e6 8.
Bf4 Ne5 9. Bb5+ Bd7 10. Qe2 Bxb5 11. Qxb5+ Qxb5 12. Nxb5 O-O-O 13. Nxa7+ Kb8
14. Nb5 Nxe4 15. f3 Nf6 16. O-O-O Nd5 17. Bxe5 dxe5 18. c4 Rc8 19. Kb1 Rxc4 20.
Rhe1 f6 21. Rc1 Rb4 22. Nc3 Be7 23. Ne4 Rc8 24. Nbc5 Rc6 25. a3 Rd4 26. Nb3
Rdc4 27. Rxc4 Rxc4 28. g3 Kc7 29. Na5 Ra4 30. Rc1+ Kb8 31. Nc4 Ra6 32. Rd1 b5
33. Ncd2 f5 34. Nf2 Rd6 35. Re1 Bf6 36. Nb3 g5 37. Nc5 Nb6 38. Nfe4 fxe4 39.
Nxe4 Nc4 40. Nxf6 Rd2 41. Nxh7 Rxb2+ 42. Ka1 g4 43. fxg4 Rxh2 44. Nf8 Kc7 45.
a4 Rh8 46. Nxe6+ Kd6 47. Ng5 bxa4 48. Nf7+ Kd5 49. Nxh8 Kd4 50. Nf7 e4 51. g5
1-0

[Event "LYM - Open Maîtres"]
[Site "Lausanne - Casino de Montbenon"]
[Date "2000.??.??"]
[Round "1"]
[White "Turner, Matthew"
[Black "Meylan, Pierre"]
[Result "1-0"]
[WhiteElo "2486"]
[BlackElo "2095"]
[PlyCount "97"]
[EventDate "2000.??.??"]

1. c4 e5 2. Nc3 Nf6 3. g3 c6 4. d4 exd4 5. Qxd4 d5 6. Bg2 Be6 7. cxd5 cxd5 8.
Nf3 Nc6 9. Qa4 Be7 10. O-O O-O 11. Be3 Qa5 12. Rfd1 Rfd8 13. Rac1 Qxa4 14. Nxa4
Ne4 15. Nd4 Rac8 16. Nxe6 fxe6 17. a3 b6 18. b4 Ne5 19. Bh3 Kf7 20. Rxc8 Rxc8
21. Rxd5 exd5 22. Bxc8 Nc4 23. Bc1 b5 24. Bb7 Ke6 25. f3 Nxg3 26. Bc8+ Kf7 27.
hxg3 bxa4 28. Ba6 Ke6 29. Kf2 Bf6 30. e4 Bb2 31. Bxb2 Nxb2 32. Ke3 h5 33. Kd4
dxe4 34. fxe4 g5 35. Be2 h4 36. gxh4 gxh4 37. Kc3 Ke5 38. Kxb2 Kxe4 39. Kc3 h3
40. Ba6 Kd5 41. Bb7+ Kd6 42. Kc4 Kc7 43. Bh1 Kb6 44. b5 a6 45. bxa6 Kxa6 46.
Kb4 Kb6 47. Kxa4 Ka6 48. Kb4 Kb6 49. a4 1-0

[Event "LYM - Open Maîtres"]
[Site "Lausanne - Casino de Montbenon"]
[Date "2000.??.??"]
[Round "1"]
[White "Mouron, Daniel"]
[Black "Fernandez, Juan-Luis"]
[Result "0-1"]
[WhiteElo "2013"]
[BlackElo "2286"]
[PlyCount "80"]
[EventDate "2000.??.??"]

1. e4 c5 2. d4 e6 3. c3 d5 4. e5 Ne7 5. Nf3 Nec6 6. Bd3 b6 7. Qa4 Qd7 8. O-O c4
9. Bc2 a5 10. Bd1 b5 11. Qc2 Be7 12. Be3 Na6 13. Be2 Nc7 14. Nbd2 b4 15. b3
bxc3 16. Qxc3 Nb5 17. Qc2 Nb4 18. Qc1 c3 19. Bxb5 Qxb5 20. Qxc3 Ba6 21. Rfc1
O-O 22. a4 Qb7 23. Qc7 Rfc8 24. Qxb7 Bxb7 25. Ne1 Ba6 26. Ndf3 f6 27. Rxc8+
Rxc8 28. Rc1 Rxc1 29. Bxc1 Nc6 30. Bb2 Be2 31. Bc3 Bd1 32. Nd2 fxe5 33. dxe5 d4
34. Bb2 Bb4 35. Nef3 Bc3 36. Ba3 Nxe5 37. Nxe5 Bxd2 38. Bc5 Bc3 39. Nc6 d3 40.
b4 Bxa4 0-1

[Event "LYM - Open Maîtres"]
[Site "Lausanne - Casino de Montbenon"]
[Date "2000.??.??"]
[Round "1"]
[White "Parnet, Arnaud"]
[Black "Zwanzger, Johannes"]
[Result "1/2-1/2"]
[WhiteElo "2030"]
[BlackElo "2275"]
[PlyCount "41"]
[EventDate "2000.??.??"]

1. c4 c5 2. Nc3 b6 3. e4 Bb7 4. Nf3 d6 5. d4 cxd4 6. Nxd4 Nf6 7. Bd3 g6 8. Be3
Bg7 9. Rc1 O-O 10. O-O Nbd7 11. Bb1 Rc8 12. b3 a6 13. f3 e6 14. Nde2 Qc7 15.
Qd2 Rfe8 16. Rfd1 Bf8 17. Kh1 Qb8 18. Bf4 Ne5 19. Qe3 Nfd7 20. Qf2 Red8 21. Rd2
1/2-1/2

[Event "LYM - Open Maîtres"]
[Site "Lausanne - Casino de Montbenon"]
[Date "2000.??.??"]
[Round "1"]
[White "Philippoz, David"]
[Black "Pujos, Stephane"]
[Result "0-1"]
[WhiteElo "2033"]
[BlackElo "2261"]
[PlyCount "70"]
[EventDate "2000.??.??"]

1. e4 Nf6 2. e5 Nd5 3. d4 Nb6 4. Nf3 d5 5. exd6 cxd6 6. Be2 g6 7. O-O Bg7 8. c3
O-O 9. Bg5 Be6 10. Re1 Nc6 11. Na3 Re8 12. Nc2 Rc8 13. Ne3 d5 14. Bf4 f6 15.
Nd2 Bf7 16. h4 h6 17. h5 g5 18. Bh2 e6 19. g4 Ne7 20. Bd3 Rf8 21. Ndf1 Be8 22.
Ng2 Bd7 23. f4 Nc4 24. b3 Nb2 25. Qd2 Nxd3 26. Qxd3 Rf7 27. Nfe3 Qa5 28. c4
dxc4 29. bxc4 Bc6 30. c5 Rd8 31. fxg5 fxg5 32. Bd6 Nc8 33. Nc4 Qa6 34. Ne5 Qxd3
35. Nxd3 Nxd6 0-1

[Event "LYM - Open Maîtres"]
[Site "Lausanne - Casino de Montbenon"]
[Date "2000.??.??"]
[Round "1"]
[White "Jacot, Laurent"]
[Black "Stankovic, Zeljko"]
[Result "1/2-1/2"]
[WhiteElo "2241"]
[BlackElo "2026"]
[PlyCount "60"]
[EventDate "2000.??.??"]

1. e4 c5 2. Nf3 d6 3. Bb5+ Nd7 4. O-O a6 5. Bxd7+ Bxd7 6. d4 cxd4 7. Qxd4 Nf6
8. e5 dxe5 9. Nxe5 Be6 10. Rd1 Qxd4 11. Rxd4 Bf5 12. g4 Bxc2 13. Na3 Bg6 14. h4
Rd8 15. Rxd8+ Kxd8 16. h5 Nxh5 17. Nxg6 hxg6 18. gxh5 Rxh5 19. Be3 b5 20. Rc1
e5 21. Nb1 Kd7 22. Nd2 Rh4 23. Nf3 Rg4+ 24. Kf1 f6 25. Rd1+ Kc7 26. Rc1+ Kd7
27. Rd1+ Kc7 28. Bd2 Bb4 29. Rc1+ Kd7 30. Bc3 Bf8 1/2-1/2

[Event "LYM - Open Maîtres"]
[Site "Lausanne - Casino de Montbenon"]
[Date "2000.??.??"]
[Round "1"]
[White "Tournier, Pascal"]
[Black "Midoux, Sebastien"]
[Result "0-1"]
[WhiteElo "2230"]
[BlackElo "2241"]
[PlyCount "108"]
[EventDate "2000.??.??"]

1. e4 c5 2. Nf3 d6 3. d4 cxd4 4. Nxd4 Nf6 5. Nc3 a6 6. Be2 e5 7. Nb3 Be7 8. O-O
O-O 9. Bg5 Nxe4 10. Nxe4 Bxg5 11. Qxd6 Nd7 12. Rfd1 Be7 13. Qd5 Qc7 14. c4 Nf6
15. Nxf6+ Bxf6 16. Qd6 Qxd6 17. Rxd6 Bf5 18. Rb6 Rfb8 19. Rd1 Bd8 20. Rbd6 a5
21. R6d5 f6 22. Nc5 Be7 23. g4 Bc2 24. R1d2 Bg6 25. Nd7 Rd8 26. Nb6 Rxd5 27.
Rxd5 Rd8 28. Rxa5 Rd2 29. Nd5 Bf8 30. Kf1 Rxb2 31. Rb5 Rxb5 32. cxb5 Ba3 33.
Bc4 Kf8 34. Ke2 Ke8 35. Ne3 Kd7 36. Nf5 Bf8 37. Bg8 Kc7 38. Kd3 h5 39. h3 Kb6
40. Kc4 hxg4 41. hxg4 Ka5 42. Bd5 b6 43. f3 Ka4 44. Nh4 Bb1 45. Bc6 Bxa2+ 46.
Kd3 Bb1+ 47. Kc4 Ba2+ 48. Kd3 Kb4 49. Ke4 Bc4 50. Ng6 Bc5 51. g5 Bxb5 52. Bxb5
Kxb5 53. gxf6 gxf6 54. Kf5 Bd4 0-1

[Event "LYM - Open Maîtres"]
[Site "Lausanne - Casino de Montbenon"]
[Date "2000.??.??"]
[Round "1"]
[White "Perruchoud, Benoît"]
[Black "Wegmueller, Andreas"]
[Result "1-0"]
[WhiteElo "2228"]
[BlackElo "2119"]
[PlyCount "79"]
[EventDate "2000.??.??"]

1. e4 e6 2. d4 d5 3. Nc3 Bb4 4. Nge2 dxe4 5. a3 Bxc3+ 6. Nxc3 Nc6 7. Bb5 Nge7
8. Bg5 f6 9. Be3 O-O 10. Qd2 f5 11. O-O-O a6 12. Bxc6 Nxc6 13. Bg5 Qe8 14. f3
h6 15. Bf4 e5 16. dxe5 exf3 17. gxf3 Be6 18. Bxh6 Nxe5 19. Qd4 Qg6 20. Bf4 Nc6
21. Qe3 Qf7 22. Rhg1 Rfe8 23. Bh6 g6 24. Rxg6+ Qxg6 25. Rg1 Bf7 26. Rxg6+ Bxg6
27. Qg5 Re6 28. h4 Ne5 29. Qg3 Rae8 30. b3 Kh7 31. Bg5 c6 32. Nd1 Nf7 33. Nf2
f4 34. Qxf4 Re1+ 35. Kb2 R8e2 36. Ne4 Nxg5 37. hxg5 Bxe4 38. fxe4 Rxe4 39. Qf7+
Kh8 40. g6 1-0

[Event "LYM - Open Maîtres"]
[Site "Lausanne - Casino de Montbenon"]
[Date "2000.??.??"]
[Round "1"]
[White "Kradolfer, Georg"]
[Black "Bunzmann, Dimitri"]
[Result "0-1"]
[WhiteElo "2174"]
[BlackElo "2502"]
[PlyCount "136"]
[EventDate "2000.??.??"]

1. c4 b6 2. e3 Bb7 3. Nf3 e6 4. b3 f5 5. Bb2 Nf6 6. d3 Bd6 7. Nbd2 O-O 8. g3
Nc6 9. Bg2 Ne5 10. Qe2 Nxf3+ 11. Bxf3 Bxf3 12. Nxf3 Qe8 13. Nd2 Qg6 14. Bxf6
Rxf6 15. e4 Be5 16. O-O-O fxe4 17. Qxe4 Qxe4 18. Nxe4 Rf3 19. d4 Bd6 20. Nxd6
cxd6 21. Rhf1 Raf8 22. Rd2 R8f5 23. Kd1 g5 24. Ke2 g4 25. Rd3 Ra5 26. Ra1 Rf6
27. Kf1 Raf5 28. Rd2 Kf8 29. Kg2 Ke7 30. Rh1 Rh5 31. h3 Rfh6 32. h4 Rf5 33. Re1
Rhf6 34. Re4 h5 35. Re3 Rf3 36. Rxf3 Rxf3 37. Kf1 Kf6 38. Ke2 Rc3 39. d5 e5 40.
Rb2 e4 41. Rd2 Ke5 42. Rb2 Rf3 43. Rb1 e3 44. fxe3 Ke4 45. Rd1 Rxg3 46. Rd4+
Ke5 47. Rf4 Rh3 48. Rf7 Rh2+ 49. Kd3 Rxh4 50. Re7+ Kf6 51. Rxd7 g3 52. Rxd6+
Kf5 53. Ke2 Rg4 54. Kf1 Rg7 55. Rh6 Rf7 56. Kg2 Kg5 57. Rh8 Kh4 58. e4 Rf2+ 59.
Kg1 Kg4 60. d6 Rd2 61. e5 h4 62. Rg8+ Kh3 63. Rf8 Rd1+ 64. Rf1 Rxf1+ 65. Kxf1
g2+ 66. Kf2 Kh2 67. Ke3 g1=Q+ 68. Ke4 Qg8 0-1

[Event "LYM - Open Maîtres"]
[Site "Lausanne - Casino de Montbenon"]
[Date "2000.??.??"]
[Round "1"]
[White "Rainfray, Arnaud"
[Black "Sudan, Georges"]
[Result "1-0"]
[WhiteElo "2400"]
[BlackElo "2077"]
[PlyCount "69"]
[EventDate "2000.??.??"]

1. e4 e6 2. d4 d5 3. Nc3 Bb4 4. Nge2 dxe4 5. a3 Bxc3+ 6. Nxc3 Nc6 7. Bb5 Nge7
8. Bg5 f6 9. Be3 O-O 10. Qd2 f5 11. O-O-O Nd5 12. Bxc6 Nxe3 13. Qxe3 bxc6 14.
f3 exf3 15. gxf3 Qd6 16. Rhg1 Rf6 17. Ne2 Bd7 18. Nf4 Be8 19. Rd2 Rd8 20. h4
Rd7 21. h5 Kf8 22. c3 c5 23. Rgd1 cxd4 24. Rxd4 Qc6 25. Rxd7 Bxd7 26. Nd3 Qb6
27. Nc5 Be8 28. Rd8 Ke7 29. Rc8 Bd7 30. Rg8 Kf7 31. Rf8+ Ke7 32. Rg8 Kf7 33.
Rxg7+ Kxg7 34. Qg5+ Kf7 35. Nxd7 1-0

[Event "LYM - Open Maîtres"]
[Site "Lausanne - Casino de Montbenon"]
[Date "2000.??.??"]
[Round "1"]
[White "Gendre, Stephane"]
[Black "Preissmann, Emmanuel"
[Result "0-1"]
[WhiteElo "2000"]
[BlackElo "2368"]
[PlyCount "128"]
[EventDate "2000.??.??"]

1. d4 d5 2. c4 e6 3. Nc3 c6 4. Nf3 dxc4 5. a4 Bb4 6. Bd2 c5 7. e3 cxd4 8. Nxd4
e5 9. Nf3 Nc6 10. Bxc4 Nf6 11. Bb5 Qe7 12. h3 O-O 13. Qc2 e4 14. Bxc6 bxc6 15.
Nd4 Bd7 16. Nce2 Rab8 17. O-O Bxd2 18. Qxd2 c5 19. Nb5 Bxb5 20. axb5 Rxb5 21.
Nc3 Rb7 22. Na4 Rc8 23. Rfc1 Rbc7 24. Rc4 Nd7 25. Rac1 Nb6 26. Nxb6 axb6 27.
Qd5 Re8 28. b4 Rd7 29. Qc6 Rd6 30. Qb5 cxb4 31. Qxb4 g6 32. Rxe4 Qxe4 33. Qxd6
b5 34. Rc7 Qb1+ 35. Kh2 Qf5 36. Kg1 Ra8 37. Qd4 h5 38. Rc5 Qb1+ 39. Kh2 b4 40.
Rb5 Qf1 41. Qxb4 Qxf2 42. Rb8+ Rxb8 43. Qxb8+ Kg7 44. Qe5+ Qf6 45. Qe4 h4 46.
Qg4 Qe5+ 47. Qf4 Qxf4+ 48. exf4 Kf6 49. g4 Ke6 50. Kg2 Kd5 51. Kf3 f5 52. Ke3
Kc4 53. gxf5 gxf5 54. Ke2 Kd4 55. Kf3 Kd3 56. Kf2 Ke4 57. Ke2 Kxf4 58. Kf2 Ke4
59. Ke2 f4 60. Kf2 f3 61. Kf1 Kf5 62. Kg1 Ke5 63. Kf1 Ke4 64. Kg1 Ke3 0-1

[Event "LYM - Open Maîtres"]
[Site "Lausanne - Casino de Montbenon"]
[Date "2000.??.??"]
[Round "1"]
[White "Gassij, Oksana"]
[Black "Landenbergue, Claude"
[Result "0-1"]
[WhiteElo "2095"]
[BlackElo "2406"]
[PlyCount "100"]
[EventDate "2000.??.??"]

1. d4 Nf6 2. c4 e6 3. Nc3 Bb4 4. Bg5 c5 5. e3 Qa5 6. Bxf6 Bxc3+ 7. Ke2 Bxb2 8.
Bxg7 Rg8 9. Rb1 Bc3 10. Qc2 Bxd4 11. Rb5 Qa3 12. Rb3 Qa4 13. Bxd4 cxd4 14. exd4
Nc6 15. Nf3 b6 16. Rb2 Qxc2+ 17. Rxc2 Ba6 18. Ke3 Rc8 19. g3 h6 20. a3 Na5 21.
c5 Bb7 22. Be2 bxc5 23. dxc5 Bxf3 24. Bxf3 Rg5 25. Rhc1 Nb3 26. Rb1 Rcxc5 27.
Rxc5 Nxc5 28. Rb4 Ke7 29. Rh4 Rg8 30. Kd4 d6 31. Be2 a5 32. Kc4 Ne4 33. f3 d5+
34. Kd4 Nf6 35. g4 Kd6 36. f4 Rb8 37. Rxh6 Ne4 38. Rh7 f6 39. Ra7 e5+ 40. fxe5+
fxe5+ 41. Kd3 Rb3+ 42. Kc2 Rxa3 43. h4 Ra2+ 44. Kd3 Nc5+ 45. Ke3 d4+ 46. Kf3
e4+ 47. Kf4 Rxe2 48. Rxa5 d3 49. Ra1 d2 50. Rd1 e3 0-1

[Event "LYM - Open Maîtres"]
[Site "Lausanne - Casino de Montbenon"]
[Date "2000.??.??"]
[Round "1"]
[White "Walther, Yan"]
[Black "Volokitin, Andrei"
[Result "0-1"]
[WhiteElo "2052"]
[BlackElo "2347"]
[PlyCount "34"]
[EventDate "2000.??.??"]

1. e4 c5 2. Nf3 e6 3. b3 d5 4. exd5 exd5 5. Bb2 a6 6. d4 Nf6 7. Bd3 Be7 8. dxc5
Bxc5 9. Qe2+ Be6 10. Ng5 Qe7 11. O-O Nc6 12. Nd2 O-O-O 13. Ndf3 Rhe8 14. h3 Qc7
15. Bxf6 gxf6 16. Nxh7 Bxh3 17. Qd2 Qg3 0-1

[Event "LYM - Open Maîtres"]
[Site "Lausanne - Casino de Montbenon"]
[Date "2000.??.??"]
[Round "1"]
[White "Lagunes, Jean-Renaud"]
[Black "Kveinys, Aloyzas"
[Result "0-1"]
[WhiteElo "2157"]
[BlackElo "2496"]
[PlyCount "88"]
[EventDate "2000.??.??"]

1. e4 c5 2. Nf3 e6 3. b3 d6 4. Bb2 e5 5. Bb5+ Nd7 6. O-O a6 7. Bxd7+ Bxd7 8. c3
Nf6 9. Re1 Bc6 10. d4 Be7 11. Nbd2 exd4 12. cxd4 O-O 13. d5 Bd7 14. Nc4 Re8 15.
Bxf6 Bxf6 16. Nxd6 Bxa1 17. Qxa1 Re7 18. Ne5 Bc8 19. Ndc4 f6 20. Nd3 b5 21. Nd2
Qa5 22. Qb2 Qb6 23. Rc1 Rc7 24. Qc3 Bd7 25. Nxc5 b4 26. Qc4 Bb5 27. Qxb4 Rac8
28. a4 Rxc5 29. Rxc5 Qxc5 30. Qxc5 Rxc5 31. axb5 Rc1+ 32. Nf1 a5 33. f4 Rb1 34.
e5 fxe5 35. fxe5 Rxb3 36. e6 Rd3 37. b6 Rxd5 38. Ne3 Rb5 39. Nc4 Kf8 40. Nd6
Rb1+ 41. Kf2 Ke7 42. Nc4 a4 43. Ke3 Kxe6 44. Kd4 Rb5 0-1

[Event "LYM - Open Maîtres"]
[Site "Lausanne - Casino de Montbenon"]
[Date "2000.??.??"]
[Round "1"]
[White "Figeac, Aurelien"]
[Black "Sokolov, Andrei"
[Result "0-1"]
[WhiteElo "2195"]
[BlackElo "2565"]
[PlyCount "120"]
[EventDate "2000.??.??"]

1. d4 Nf6 2. c4 e6 3. Nc3 Bb4 4. Qc2 b6 5. a3 Bxc3+ 6. Qxc3 Bb7 7. f3 d5 8. Nh3
O-O 9. e3 a5 10. b4 axb4 11. axb4 Rxa1 12. Qxa1 Nc6 13. c5 Nxb4 14. Qb1 Nc6 15.
cxb6 cxb6 16. Ba3 Re8 17. Bb5 Qa8 18. Bd6 Qa5+ 19. Kf2 Rd8 20. Bxc6 Bxc6 21.
Bb4 Qb5 22. Be7 Qxb1 23. Rxb1 Rb8 24. Ke2 Nd7 25. Bd6 Ra8 26. Rb2 Ra4 27. Nf4
Bb7 28. Kd2 Ba6 29. Bc7 g5 30. Nh3 h6 31. Nf2 Bc4 32. Ng4 f5 33. Ne5 Nxe5 34.
dxe5 b5 35. Bd6 Ra1 36. Kc3 Kf7 37. Rf2 Kg6 38. g4 Rb1 39. Bc5 Rb3+ 40. Kd2 b4
41. Kc1 Rc3+ 42. Kb2 Ra3 43. Kb1 Ra4 44. Rd2 b3 45. Bd4 h5 46. gxh5+ Kxh5 47.
Bb2 Ra8 48. Bd4 Kg6 49. Bc3 Rh8 50. Kb2 Ra8 51. Kb1 Kh5 52. Bb2 Kh4 53. Bc3 Kh3
54. Bd4 Bf1 55. e4 dxe4 56. fxe4 f4 57. Bg1 Ra4 58. Rf2 Bg2 59. Kb2 Ra2+ 60.
Kxb3 Ra1 0-1

[Event "LYM - Open Maîtres"]
[Site "Lausanne - Casino de Montbenon"]
[Date "2000.??.??"]
[Round "1"]
[White "Seret, Jean-Luc"
[Black "Javet, Blaise"]
[Result "1/2-1/2"]
[WhiteElo "2363"]
[BlackElo "2071"]
[PlyCount "82"]
[EventDate "2000.??.??"]

1. e4 c5 2. Nf3 d6 3. c3 g6 4. d4 cxd4 5. cxd4 Bg7 6. Nc3 Nf6 7. h3 O-O 8. Bd3
Nc6 9. O-O e5 10. Be3 Nh5 11. dxe5 dxe5 12. Bc4 Nd4 13. Nd5 b5 14. Bxd4 exd4
15. Bb3 a5 16. Nxd4 a4 17. Bc2 Bb7 18. Nxb5 Bxd5 19. exd5 a3 20. Rb1 axb2 21.
a4 Qh4 22. d6 Qf4 23. Qd3 Rfd8 24. Rfd1 Be5 25. g3 Qg5 26. Qf3 Rac8 27. Bb3 Rc1
28. h4 Qd2 29. Kg2 Rxd1 30. Rxd1 Qc1 31. Qxf7+ Kh8 32. d7 Qc6+ 33. Kh2 Qf6 34.
Qxf6+ Nxf6 35. Be6 Ne4 36. Na7 Nc3 37. Nc6 Bf6 38. Re1 b1=Q 39. Rxb1 Nxb1 40.
Nxd8 Bxd8 41. Kg2 Nc3 1/2-1/2

[Event "LYM - Open Maîtres"]
[Site "Lausanne - Casino de Montbenon"]
[Date "2000.??.??"]
[Round "1"]
[White "Jagstaidt, Patrick"]
[Black "Etchegaray, Patrice"
[Result "0-1"]
[WhiteElo "2069"]
[BlackElo "2360"]
[PlyCount "130"]
[EventDate "2000.??.??"]

1. d4 Nf6 2. c4 g6 3. Nf3 Bg7 4. g3 O-O 5. Bg2 d6 6. O-O Nbd7 7. Nc3 e5 8. dxe5
dxe5 9. e4 c6 10. Qe2 Qc7 11. h3 Nc5 12. b4 Ne6 13. Be3 Nh5 14. Rfd1 Qe7 15.
Rab1 f5 16. exf5 gxf5 17. Ng5 Nxg5 18. Qxh5 Ne6 19. Na4 f4 20. Bc5 Nxc5 21.
Nxc5 Rf6 22. Qg5 fxg3 23. Ne4 gxf2+ 24. Kf1 Kh8 25. Nxf6 Bxf6 26. Qh6 Bf5 27.
Rb2 Bg6 28. Qd2 Bh4 29. Qe3 Qe6 30. Rxf2 Bxf2 31. Kxf2 Re8 32. Qe2 Bf5 33. Qh5
Rf8 34. Kg1 Qxc4 35. Qh6 Qxb4 36. Rf1 Kg8 37. Qg5+ Bg6 38. Rxf8+ Qxf8 39. Qxe5
Qe8 40. Qc3 a5 41. Bf1 b5 42. h4 Qe7 43. h5 Qg5+ 44. Kh2 Qxh5+ 45. Bh3 Qe2+ 46.
Bg2 Qe8 47. Kg1 Qd7 48. Qe5 Qd1+ 49. Bf1 Qd5 50. Qb8+ Kf7 51. Qc7+ Kf6 52. Qxa5
Qd4+ 53. Kh2 Bd3 54. Bg2 Be4 55. Bxe4 Qxe4 56. Qd8+ Qe7 57. Qh8+ Ke6 58. Qc8+
Kd5 59. Qg8+ Kd6 60. Qg2 Qe5+ 61. Kg1 Qd4+ 62. Kh2 b4 63. Qg8 Qe5+ 64. Kg1 Qc5+
65. Kf1 Qf5+ 0-1

[Event "LYM - Open Maîtres"]
[Site "Lausanne - Casino de Montbenon"]
[Date "2000.??.??"]
[Round "1"]
[White "Prié, Eric"
[Black "Ambrosini, Nicola"]
[Result "1-0"]
[WhiteElo "2501"]
[BlackElo "2166"]
[PlyCount "119"]
[EventDate "2000.??.??"]

1. e4 d6 2. d4 Nf6 3. Nc3 g6 4. Nf3 Bg7 5. Be3 c6 6. Qd2 b5 7. Bd3 Nbd7 8. Bh6
Bxh6 9. Qxh6 e5 10. dxe5 dxe5 11. O-O-O a6 12. h3 Qe7 13. Kb1 Bb7 14. Qe3 Nh5
15. Ne2 Ng7 16. c3 O-O 17. Bc2 c5 18. h4 Rfd8 19. h5 Nxh5 20. Rxh5 gxh5 21. Ng3
Nf8 22. Rxd8 Rxd8 23. Nf5 Qf6 24. Qxc5 Ng6 25. Ng3 h4 26. Nh5 Qd6 27. Qe3 Nf4
28. Nxh4 Nxh5 29. Qg5+ Kh8 30. Qxh5 Qf6 31. Nf3 Rg8 32. g3 Re8 33. a3 Qg6 34.
Qh4 f6 35. Ka1 Bc8 36. Qh1 Rd8 37. Qc1 Bg4 38. Nh2 Qh5 39. Nxg4 Qxg4 40. Qe3
Qd7 41. Bb3 Kg7 42. Bd5 h6 43. Qb6 Qd6 44. Qb7+ Kh8 45. Qf7 Qf8 46. Qe6 Rd6 47.
Qf5 Qg7 48. Qc8+ Kh7 49. Qe8 f5 50. Be6 Rxe6 51. Qxe6 fxe4 52. Qf5+ Qg6 53.
Qxe5 Qc6 54. Kb1 Qc4 55. Qd4 Qe2 56. Kc1 a5 57. Qe3 Qc4 58. Kd2 a4 59. Qd4 Qf1
60. Qxe4+ 1-0

[Event "LYM - Open Maîtres"]
[Site "Lausanne - Casino de Montbenon"]
[Date "2000.??.??"]
[Round "1"]
[White "Palac, Mladen"
[Black "Zenklusen, Rico"]
[Result "1-0"]
[WhiteElo "2571"]
[BlackElo "2206"]
[PlyCount "72"]
[EventDate "2000.??.??"]

1. e4 c6 2. d4 d5 3. Nc3 dxe4 4. Nxe4 Nd7 5. Nf3 Ngf6 6. Ned2 Nb6 7. Be2 Bf5 8.
a4 e6 9. O-O Be7 10. a5 Nbd5 11. Nh4 Bg6 12. Nxg6 hxg6 13. Nf3 Ng4 14. c4 Ndf6
15. h3 Nh6 16. a6 b6 17. Ne5 Rc8 18. Bf3 c5 19. dxc5 Bxc5 20. Bb7 Qc7 21. Bxh6
Rxh6 22. Qa4+ Kf8 23. Qc6 Qxe5 24. Qxc8+ Ke7 25. Rad1 Bd6 26. Rfe1 Qh2+ 27. Kf1
Rh5 28. Re3 Rc5 29. Bc6 Rxc4 30. Qb7+ Kf8 31. Qa8+ Ke7 32. Rc3 Rxc3 33. Qb7+
Kf8 34. Qa8+ Ke7 35. Qb7+ Kf8 36. bxc3 Nh5 1-0

[Event "LYM - Open Maîtres"]
[Site "Lausanne - Casino de Montbenon"]
[Date "2000.??.??"]
[Round "1"]
[White "Cornette, Matthieu"]
[Black "Pelletier, Yannick"
[Result "0-1"]
[WhiteElo "2119"]
[BlackElo "2478"]
[PlyCount "55"]
[EventDate "2000.??.??"]

1. e4 c5 2. Nf3 d6 3. d4 cxd4 4. Nxd4 Nf6 5. f3 e5 6. Bb5+ Nbd7 7. Nf5 d5 8.
exd5 a6 9. Ba4 b5 10. Bb3 Nb6 11. Ne3 Bc5 12. Nc3 O-O 13. Qd3 Bd4 14. Ne4 Nh5
15. c3 Nf4 16. Qc2 f5 17. cxd4 fxe4 18. Qxe4 exd4 19. d6+ Kh8 20. Bc2 Nxg2+ 21.
Ke2 Nf4+ 22. Kd1 d3 23. Bxd3 Nxd3 24. Qxd3 Bb7 25. Nf5 Rxf5 26. Qxf5 Qxd6+ 27.
Kc2 Rf8 28. Qd3 0-1

[Event "LYM - Open Maîtres"]
[Site "Lausanne - Casino de Montbenon"]
[Date "2000.??.??"]
[Round "1"]
[White "Spiekermann, Stefan"]
[Black "Kappler, Jean-Marie"
[Result "1/2-1/2"]
[WhiteElo "2033"]
[BlackElo "2248"]
[PlyCount "71"]
[EventDate "2000.??.??"]

1. e4 d6 2. d4 Nf6 3. Nc3 c6 4. f4 d5 5. e5 Ng8 6. Bd3 e6 7. Nce2 h5 8. Nf3 Ne7
9. Be3 Nf5 10. Bf2 Na6 11. c3 Nc7 12. Ng3 g6 13. Nxf5 exf5 14. Bh4 Be7 15. Bxe7
Qxe7 16. Qe2 Bd7 17. g3 Ne6 18. h4 Nc7 19. Kf2 O-O-O 20. Rhc1 Be6 21. Kg2 Kd7
22. a4 Ra8 23. b4 Rhc8 24. Qb2 Ke8 25. Ra2 a6 26. Rca1 b6 27. b5 cxb5 28. axb5
a5 29. Ra4 Rcb8 30. Nd2 Kd8 31. Rc1 Qd7 32. Rca1 Qe8 33. Qb3 Qd7 34. Qb2 Qe8
35. Qb3 Qd7 36. Qb2 1/2-1/2

[Event "LYM - Open Maîtres"]
[Site "Lausanne - Casino de Montbenon"]
[Date "2000.??.??"]
[Round "1"]
[White "Buckley, Simon"]
[Black "Naidji, Tayeb"]
[Result "1/2-1/2"]
[WhiteElo "2279"]
[BlackElo "2090"]
[PlyCount "33"]
[EventDate "2000.??.??"]

1. e4 c6 2. d4 d5 3. e5 Bf5 4. Nf3 e6 5. Be2 c5 6. Be3 Nd7 7. O-O Rc8 8. Nc3 a6
9. dxc5 Bxc5 10. Bxc5 Nxc5 11. Nd4 Ne7 12. Kh1 O-O 13. Bg4 Bxg4 14. Qxg4 Nc6
15. Nxc6 Rxc6 16. Rae1 Qb6 17. Rb1 1/2-1/2

[Event "LYM - Open Maîtres"]
[Site "Lausanne - Casino de Montbenon"]
[Date "2000.??.??"]
[Round "1"]
[White "Crut, Aurélien"]
[Black "Prouteau, Thomas"]
[Result "1-0"]
[WhiteElo "2251"]
[BlackElo "2020"]
[PlyCount "98"]
[EventDate "2000.??.??"]

1. e4 c6 2. d4 d5 3. e5 Bf5 4. Nf3 e6 5. Be2 c5 6. Be3 Nd7 7. O-O Ne7 8. c4
dxc4 9. Bxc4 Nc6 10. d5 Ncxe5 11. Nxe5 Nxe5 12. Bb5+ Nd7 13. g4 Bxb1 14. dxe6
fxe6 15. Qb3 a6 16. Qxe6+ Be7 17. Bc4 Bg6 18. Rad1 Rf8 19. Rfe1 Bf7 20. Qe4
Bxc4 21. Bg5 Rf7 22. Qxc4 Kf8 23. Bf4 Qc8 24. Rxe7 Rxe7 25. Bd6 Qc6 26. Qe6
Rae8 27. Re1 Qxd6 28. Qxd6 Kf7 29. Qd5+ Kf8 30. Rxe7 Rxe7 31. Qxb7 Ne5 32. Qc8+
Kf7 33. Qxc5 Nxg4 34. Qc4+ Re6 35. Qxg4 Rg6 36. Qxg6+ Kxg6 37. Kg2 Kf5 38. Kf3
g5 39. b4 h5 40. a4 Ke5 41. b5 axb5 42. axb5 Kd5 43. b6 Kc6 44. Ke4 Kxb6 45.
Kf5 g4 46. Kg5 Kc6 47. Kxh5 Kd6 48. Kxg4 Ke6 49. Kg5 Kf7 1-0

[Event "LYM - Open Maîtres"]
[Site "Lausanne - Casino de Montbenon"]
[Date "2000.??.??"]
[Round "1"]
[White "Prusikin, Mihailo"
[Black "Pahud, Cedric"]
[Result "1-0"]
[WhiteElo "2429"]
[BlackElo "2117"]
[PlyCount "103"]
[EventDate "2000.??.??"]

1. d4 Nf6 2. Nf3 g6 3. c4 Bg7 4. Nc3 O-O 5. g3 d6 6. Bg2 Nc6 7. O-O a6 8. b3 e5
9. d5 Ne7 10. e4 Nd7 11. b4 f5 12. Ng5 Nf6 13. c5 h6 14. Ne6 Bxe6 15. dxe6 fxe4
16. cxd6 cxd6 17. Be3 b6 18. Qb3 d5 19. Rad1 Qc7 20. Nxd5 Nfxd5 21. Rxd5 Nxd5
22. Qxd5 Rad8 23. Qb3 Kh7 24. Bxe4 Rd6 25. h4 Qe7 26. h5 Rxe6 27. a3 Kh8 28.
hxg6 Rff6 29. Rc1 Bf8 30. Qc4 a5 31. Bd5 Rxg6 32. Bxe6 Rxe6 33. b5 Qf6 34. a4
Qg6 35. Qd5 Rd6 36. Qxe5+ Bg7 37. Rc8+ Kh7 38. Qe8 Qxe8 39. Rxe8 Bd4 40. Bf4
Rf6 41. Rc8 h5 42. Rc7+ Kg6 43. Rc6 Kf5 44. Rxf6+ Kxf6 45. Be3 Bxe3 46. fxe3
Kf5 47. Kf2 Kg4 48. e4 h4 49. gxh4 Kxh4 50. Ke3 Kg5 51. Kd4 Kf6 52. Kd5 1-0